000 00695cam a2200145 4500500
005 20260208005805.0
041 _afre
042 _adc
100 1 0 _aPety, Dominique
_eauthor
245 0 0 _aGUSTAVE MOREAU, Écrits sur l’art. Préface de GENEVIÈVE LACAMBRE, textes établis, présentés et annotés par PETER COOKE, Fontfroide, Fata Morgana, Musée Gustave Moreau, 2002. Deux vol. 14 × 22 d’un total de 401 p.
260 _c2004.
500 _a10
786 0 _nRevue d'histoire littéraire de la France | 104 | 3 | 2004-06-01 | p. 687zc-738zc | 0035-2411
856 4 1 _uhttps://shs.cairn.info/revue-d-histoire-litteraire-de-la-france-2004-3-page-687zc?lang=fr&redirect-ssocas=7080
999 _c1653768
_d1653768